A review of diseases in Malaysia

Bibliographic Details
Main Author: Lim Kean Ghee
Format: Book
Published: Petaling Jaya : Pelanduk Publcations(M) Sdn Bhd , 1993
Subjects:

MARC

LEADER 00000cam a2200000 7i4500
001 0000003684
002 000003967
005 20000330.0
020 |a 9679784681 
090 0 0 |a 616.009595   |b LIM 
100 0 |a Lim Kean Ghee 
245 1 2 |a A review of diseases in Malaysia   |c Lim Kean Ghee 
260 |a Petaling Jaya :   |b Pelanduk Publcations(M) Sdn Bhd ,   |c 1993 
300 |a 423p. :   |b ill ;   |c 21cm. 
650 0 0 |a Diseases   |z Malaysia 
650 0 0 |a Medicine   |z Malaysia 
650 0 0 |a Public health   |z Malaysia 
999 |a 00069799   |b BUKU   |c PINJAMAN   |e PERPUSTAKAAN KOMUNITI PETALING JAYA 
999 |a 00069800   |b BUKU   |c PINJAMAN   |e PERPUSTAKAAN KOMUNITI PETALING JAYA 
999 |a 037134   |b BUKU   |c PINJAMAN   |e PERPUSTAKAAN KOMUNITI PETALING JAYA 
999 |a 048104   |b BUKU   |c RUJUKAN   |e PERPUSTAKAAN KOMUNITI PETALING JAYA